Cercle d'Amics dels Parcs Naturals [Objecte] : Diputació de Barcelona : voluntariat Diputació de Barcelona :
Descripción Física:
1 armilla reflectant, talla M
MARC
| LEADER | 00000nam a2200000Ia 4500 | ||
|---|---|---|---|
| 001 | 23472 | ||
| 008 | 160829s9999 xx 000 0 cat d | ||
| 080 | |a NBM-6-3 | ||
| 245 | |a Cercle d'Amics dels Parcs Naturals [Objecte] : |b Diputació de Barcelona : |b voluntariat | ||
| 260 | |a Barcelona : |b Diputació de Barcelona, [2012] | ||
| 300 | |a 1 armilla reflectant, talla M | ||
| 710 | 1 | |a Barcelona (Catalunya : Província). |b Diputació |9 52408 | |
| 710 | 2 | |a Cercle d'Amics dels Parcs Naturals (Barcelona, Catalunya) |9 54519 | |
| 901 | |a Arxiu | ||
| 942 | |n 1 | ||
| 952 | |0 0 |1 0 |4 0 |6 NBM63 |7 1 |9 51565 |a Arxiu |b Arxiu |d 2012-07-05 |l 0 |o NBM-6-3 |p 23472 |r 2016-12-01 00:00:00 |w 2016-12-01 |y ARXIU | ||
| 999 | |c 55410 |d 55410 | ||